000 00338nam a22001577a 4500
005 20160629135417.0
008 160629b xxu||||| |||| 00| 0 eng d
041 _aeng
082 _b11041
100 _aPream chand
_93195
245 _aPanch Bhool
260 _bSanjay Books
300 _a79
650 _aManagement
_9241
942 _cBK
999 _c4693
_d4691